Antidiuretic hormone
Gardado en:
| Formato: | Libro |
|---|---|
| Idioma: | Undetermined |
| Publicado: |
Baltimore, Md.
University Park Press
c1980
|
| Những chủ đề: | |
| Các nhãn: |
Engadir etiqueta
Sen Etiquetas, Sexa o primeiro en etiquetar este rexistro!
|
| Thư viện lưu trữ: | Trung tâm Học liệu Trường Đại học Cần Thơ |
|---|
| LEADER | 00503nam a2200181Ia 4500 | ||
|---|---|---|---|
| 001 | CTU_127229 | ||
| 008 | 210402s9999 xx 000 0 und d | ||
| 082 | |a 615.761 | ||
| 082 | |b A629 | ||
| 245 | 0 | |a Antidiuretic hormone | |
| 245 | 0 | |c Edited by Sho Yoshida, Leonard Share, Kinji Yagi | |
| 260 | |a Baltimore, Md. | ||
| 260 | |b University Park Press | ||
| 260 | |c c1980 | ||
| 650 | |a Vasopressin | ||
| 650 | |x Congresses | ||
| 904 | |i Hiếu | ||
| 980 | |a Trung tâm Học liệu Trường Đại học Cần Thơ | ||